Urban housing and slums / (Record no. 26443)

MARC details
000 -LEADER
fixed length control field 01293nam a22003375a 4500
005 - DATE AND TIME OF LATEST TRANSACTION
control field 20090319002334.0
008 - FIXED-LENGTH DATA ELEMENTS--GENERAL INFORMATION
fixed length control field 090303s2009 ii a g bs 001 0 eng d
010 ## - LCCN (DPL NO)
LC control number ENG-93534
020 ## - INTERNATIONAL STANDARD BOOK NUMBER
International Standard Book Number 9788189973896
Terms of availability 995.00
020 ## - INTERNATIONAL STANDARD BOOK NUMBER
International Standard Book Number 8189973894
Terms of availability 995.00
035 ## - SYSTEM CONTROL NUMBER
System control number EN-77067
037 ## - SOURCE OF ACQUISITION
Source of stock number/acquisition DBAD / PUB
040 ## - CATALOGING SOURCE
Original cataloging agency dpl
Language of cataloging English
082 ## - DEWEY DECIMAL CLASSIFICATION NUMBER
Classification number 363.5969420954
100 ## - MAIN ENTRY--PERSONAL NAME
Personal name Jain, A. K.
Fuller form of name (Ashok Kumar),
245 ## - TITLE STATEMENT
Title Urban housing and slums /
Statement of responsibility, etc by A.K. Jain.
246 ## - VARYING FORM OF TITLE
Title proper/short title Urban housing & slums
260 ## - PUBLICATION, DISTRIBUTION, ETC. (IMPRINT)
Place of publication, distribution, etc New Delhi
Name of publisher, distributor, etc Readworthy Publications
Date of publication, distribution, etc 2009
270 ## - ADDRESS
Address 4662/21, Ansari Road, Daryaganj,
City New Delhi
Postal code 110002
300 ## - PHYSICAL DESCRIPTION
Extent 394 p. :
Other physical details ill.
Dimensions 23 cm(Hb)
500 ## - GENERAL NOTE
General note Includes index
500 ## - GENERAL NOTE
General note Includes statistical tables
504 ## - BIBLIOGRAPHY, ETC. NOTE
Bibliography, etc Includes bibliographical references
520 ## - SUMMARY, ETC.
Summary, etc With reference to India.
650 ## - SUBJECT ADDED ENTRY--TOPICAL TERM
Topical term or geographic name as entry element Urban poor
General subdivision Housing
-- Government policy
Geographic subdivision India.
650 ## - SUBJECT ADDED ENTRY--TOPICAL TERM
Topical term or geographic name as entry element Housing policy
Geographic subdivision India.
650 ## - SUBJECT ADDED ENTRY--TOPICAL TERM
Topical term or geographic name as entry element Slums
General subdivision Government policy
Geographic subdivision India.
650 ## - SUBJECT ADDED ENTRY--TOPICAL TERM
Topical term or geographic name as entry element Squatter settlements
General subdivision Government policy
Geographic subdivision India.
942 ## - ADDED ENTRY ELEMENTS (KOHA)
Source of classification or shelving scheme Dewey Decimal Classification
Item type English Books
Classification part 363.5969420954
Call number suffix JAI
Holdings
Withdrawn status Lost status Source of classification or shelving scheme Damaged status Not for loan Collection code Home library Current library Date acquired Source of acquisition Cost, normal purchase price Total Checkouts Full call number Barcode Date last seen Copy number Cost, replacement price Koha item type
    Dewey Decimal Classification   Not For Loan Non-fiction D.B.Act.Division D.B.Act.Division 15/05/2009 DBAD / PUB 995.00   363.5969420954 JAI EN-77067 15/05/2009 1 995.00 English Books

© Delhi Public Library
Hit Counter
free hit counter